Countries Where Homosexuality is Legal - Asia - Statistics

General Stats
  • This quiz has been taken 107 times
  • The average score is 26 of 27
Answers on the Map
Answers color-coded by a green-red scale on the quiz's map according to % correct below.
 
Answer Stats
Answer % Correct
China
100%
Japan
100%
South Korea
100%
Thailand
100%
India
99%
Mongolia
99%
Laos
97%
Nepal
97%
Taiwan
97%
Vietnam
97%
Armenia
96%
Kazakhstan
96%
Philippines
96%
Singapore
96%
Turkey
96%
Bhutan
95%
Georgia
95%
Cambodia
94%
Israel
92%
Azerbaijan
91%
Indonesia
91%
Cyprus
90%
Tajikistan
90%
Kyrgyzstan
89%
Jordan
87%
East Timor
86%
Bahrain
85%
No matching quizzes found
Score Distribution
Percent of People with Each Score
Percentile by Number Answered
Your Score History
You have not taken this quiz